000 00280nam a2200121Ia 4500
008 190216s9999||||xx |||||||||||||| ||und||
100 _aHanson Earl D
245 0 _aJandhu Vividyam
260 _bKerala Bhasha Institute
_c1973
300 _a156p
650 _aZoology
942 _cBK
999 _c37873
_d37873